00414 2200181 4500001002100000005001500021035002000036008004100056245003200097100001200129250000600141260002900147300001200176084001400188082000800202650001000210990001200220INLIS00000000000127620240521020243 a0010-0524000511240521 1 ind 1 aCJR'S Love Diary /cTIM CJR aTIM CJR a1 aJakarta :bBukune,c2016 a134 hlm a813 TIM c a813 4aFiksi a0744148